Statistiques concernant Focus sur: Henry Pot d'beurre

Cliquez ici pour prendre le quiz!

Statistiques générales

  • Ce quiz a été pris 91 fois
    (88 depuis la dernière actualisation)
  • Le résultat moyen est 6 sur 8

Statistiques - réponses

Informations recherchéesRéponses% Correct
Maison frėquentéeNintendore
84%
Première apparition (vidéo)Joueur du Grenier - HARRY POTTER
82%
ProviseurAlbus Humblebundledore
74%
AmieTexas Granger
73%
Ecole fréquentéeLycée magique George Pompidou
71%
Georges Tusaisqui
68%
RéalisationJoueur du Grenier
66%
ProfesseursRoguelike
54%

Distribution des résultats

Percentile par nombre de réponses

% des personnes avec chaque résultat

Votre développement - résultats

Vous n’avez pas pris ce quiz depuis la dernière actualisation